• 首页
  • 本馆介绍
  • 公告通知
  • 最新文献
  • 馆藏检索
  • 电子资源
  • 读者导购
  • 参考咨询
  • 我的图书馆
  • 登录
  • 详细信息显示
  • 放入我的书架
  • 预约/预借图书
  • 作者相关作品
  • 分类相关作品
  • 丛书相关作品
  • 出版社相关作品

书目信息

  • 表格格式
  • 工作单格式
  • 卡片格式
题名:
风浪的概率统计分析
    
 
作者: 达威顿 著 ;潘锦嫦 译
分册:  
出版信息: 北京   海洋出版社  1984
页数: 346页
开本: 19cm
丛书名:
单 册:
中图分类: P731.22
科图分类:
主题词: 海洋学--基础理论
电子资源:
ISBN:
000 00636nam0 2200217 45
001 0405250880
005 20040525085408.8
010    @dCNY1.65
091    @a13193.0233
100    @a20040525d1984 km y0chiy0120 ea
101 0  @achi@crus
105    @a z 000yy
200 1  @a风浪的概率统计分析@AFeng Lang De Gai Lu Tong Ji Fen Xi@f(苏)达威顿等著@F(Su)Da Wei Dun Deng Zhu@g潘锦嫦译
210    @a北京@c海洋出版社@d1984
215    @a346页@d19cm
606 0  @a海洋学@x基础理论
690    @aP731.22@v3
701  0 @a达威顿@4著
702  0 @a潘锦嫦@APan Jin Chang@4译
801    @aCN@bPftUser@c20040525
905    @f2@b119592-593@dP731.22@e13
    
    风浪的概率统计分析/(苏)达威顿等著/潘锦嫦译.-北京:海洋出版社,1984
    346页;19cm
    
    
    ISBN :CNY1.65
    
●
相关链接 在E读中查询图书 在五车中查询图书 在当当中查询图书 在豆瓣中查询图书


正题名:风浪的概率统计分析     索取号:P731.22/13         预约/预借

序号 登录号 条形码 馆藏地/架位号 状态 备注
1 0119592   000624710   第三借阅区/ [索取号:P731.22/13] 在馆    
2 0119593   000624701   密集书库/ [索取号:P731.22/13] 在馆    
3 0119594   202122416   第二样本阅览室/ [索取号:P731.22/13] 在馆    
唐山师范学院图书馆 欢迎您!
大连网信软件有限公司© 版权所有